000 00997naa a22002777a 4500
001 BR6004897
003 BR-BrBNA
005 20240918172902.0
007 ta
008 230509b bl.||||| |||| 00| 0 por d
040 _aBR-BrBNA
_bpor
_cBiblioteca Nacional de Agricultura
041 _a(Pt)
072 _aF30
_b1410
_bG514
090 _aF30 BR6004897
100 1 _aVieira, C. (ed.)
111 1 _a1. Simposio Brasileiro de Feijao
_cCampinas, SP (Brazil)
_d22 Aug 1971
245 1 _aEstudos sobre variedades, melhoramento e genetica do feijoeiro, realizados no Brasil [Phaseolus vulgaris]
260 3 _aSao Paulo, SP (Brasil):
_c1971.
500 _a1. Simposio Brasileiro de Feijao Sao Paulo, SP (Brasil): 1971. p. 20-83 (BR6004897-AM)F30
650 _aFEIJAO
650 _aVARIEDADE
650 _aGENETICA VEGETAL
773 0 _t1. Simposio Brasileiro de Feijao
_b
_wF30 BR6004897
_gSao Paulo, SP (Brasil), 1971. p. 20-83
909 _a202404
_bLucia
_c55
_dLucia Elande
942 _cAM
_2AGRIS
999 _c301904
_d301904